Statistics for Largest City in Every Country (NO CAPITALS)

Click here to take the quiz!

General Stats

  • This quiz has been taken 12 times
  • The average score is 73 of 193

Answer Stats

CountryCityPopulation% Correct
AustraliaSydney5,367,206
100%
New ZealandAuckland1,717,500
86%
United StatesNew York City20,140,470
86%
LiechtensteinSchaan6,039
86%
CanadaToronto6,417,516
86%
SyriaAleppo1,800,000
71%
EgyptAlexandria5,200,000
71%
BelgiumAntwerp523,248
71%
SpainBarcelona5,474,482
71%
NorwayBergen285,911
71%
United KingdomBirmingham3,683,000
71%
MoroccoCasablanca4,270,750
71%
Germany*Cologne | Dusseldorf | Dortmund10,680,783
71%
TanzaniaDar es Salaam7,100,000
71%
United Arab EmiratesDubai4,000,000
71%
SwedenGothenburg1,025,355
71%
VietnamHo Chi Minh City21,281,639
71%
South AfricaJohannesburg10,500,000
71%
PakistanKarachi16,051,521
71%
PolandKraków1,725,894
71%
NigeriaLagos23,437,435
71%
FranceLyon2,323,221
71%
ItalyMilan4,336,121
71%
IndiaMumbai20,748,395
71%
JapanOsaka19,303,000
71%
PortugalPorto1,721,038
71%
Netherlands*Rotterdam | The Hague | Zoetermeer2,620,000
71%
RussiaSaint Petersburg5,351,935
71%
BrazilSão Paulo21,571,281
71%
ChinaShanghai24,870,895
71%
IsraelTel Aviv3,854,000
71%
GreeceThessaloniki1,030,338
71%
SwitzerlandZürich415,215
71%
DenmarkAarhus352,751
57%
Ivory CoastAbidjan5,152,268
57%
YemenAden863,000
57%
KazakhstanAlmaty1,977,011
57%
Bosnia and HerzegovinaBanja Luka185,042
57%
IraqBasra1,326,564
57%
LibyaBenghazi1,110,000
57%
MaltaBirkirkara24,356
57%
BurundiBujumbura1,075,000
57%
Korea, SouthBusan7,000,699
57%
BangladeshChittagong9,453,496
57%
Sri LankaColombo5,648,000
57%
ArgentinaCórdoba1,528,000
57%
IrelandCork305,222
57%
LatviaDaugavpils112,679
57%
San MarinoDogana7,000
57%
UkraineDonetsk2,009,700
57%
AlbaniaDurrës175,110
57%
AustriaGraz294,630
57%
EcuadorGuayaquil3,113,725
57%
TurkeyIstanbul15,462,452
57%
Saudi ArabiaJeddah4,697,000
57%
AfghanistanKandahar651,484
57%
LithuaniaKaunas588,410
57%
CyprusLimassol239,842
57%
SloveniaMaribor113,778
57%
IranMashhad3,600,650
57%
ColombiaMedellín3,731,447
57%
KenyaMombasa3,528,940
57%
SerbiaNovi Sad321,625
57%
AlgeriaOran2,254,098
57%
Czech RepublicOstrava982,000
57%
BoliviaSanta Cruz de la Sierra2,424,120
57%
CubaSantiago de Cuba1,253,838
57%
Dominican RepublicSantiago de los Caballeros1,550,753
57%
CroatiaSplit346,314
57%
FinlandTampere385,610
57%
EstoniaTartu91,407
57%
LebanonTripoli227,857
57%
MyanmarYangon7,360,703
57%
Equatorial GuineaBata250,770
43%
GeorgiaBatumi169,100
43%
BelizeBelize City61,762
43%
North MacedoniaBitola105,644
43%
PhilippinesCebu2,849,213
43%
RomaniaConstanta425,916
43%
BeninCotonou2,041,067
43%
HungaryDebrecen328,642
43%
CameroonDouala2,768,400
43%
LuxembourgEsch-sur-Alzette36,218
43%
BelarusGomel526,872
43%
ArmeniaGyumri121,976
43%
SlovakiaKošice238,757
43%
GhanaKumasi3,348,000
43%
Congo, DRLubumbashi2,584,000
43%
VenezuelaMaracaibo5,278,448
43%
MexicoMonterrey4,689,601
43%
KyrgyzstanOsh320,400
43%
BulgariaPlovdiv675,586
43%
Congo, Rep. of thePointe-Noire715,334
43%
KosovoPrizren186,986
43%
TunisiaSfax1,018,341
43%
IndonesiaSurabaya9,570,870
43%
MoldovaTiraspol133,807
43%
Costa RicaAlajuela42,975
29%
QatarAl Rayyan605,712
29%
PeruArequipa1,034,736
29%
Central African RepublicBimbo267,859
29%
MalawiBlantyre800,264
29%
Sierra LeoneBo233,684
29%
ZimbabweBulawayo1,205,675
29%
EthiopiaDire Dawa493,000
29%
MongoliaErdenet97,814
29%
BotswanaFrancistown150,800
29%
MalaysiaGeorge Town2,412,616
29%
Saint Vincent and the GrenadinesGeorgetown1,700
29%
Saint LuciaGros Islet21,660
29%
SomaliaHargeisa1,200,000
29%
ZambiaKitwe517,543
29%
IcelandKópavogur37,959
29%
PalauKoror11,444
29%
Papua New GuineaLae100,677
29%
MontenegroNikšić72,443
29%
NepalPokhara523,000
29%
SudanPort Sudan489,725
29%
ChilePuente Alto568,106
29%
UruguaySalto104,028
29%
HondurasSan Pedro Sula1,445,598
29%
GambiaSerekunda337,000
29%
CambodiaSiem Reap245,494
29%
JamaicaSpanish Town145,018
29%
TaiwanTaichung2,816,667
29%
TurkmenistanTürkmenabat253,000
29%
NigerZinder235,605
29%
MaldivesAddu City33,694
14%
DjiboutiAli Sabieh250,547
14%
Antigua and BarbudaAll Saints3,900
14%
MauritiusBeau Bassin-Rose Hill104,610
14%
Burkina FasoBobo-Dioulasso903,887
14%
Trinidad and TobagoChaguanas101,297
14%
St. Kitts and NevisCharlestown1,820
14%
ParaguayCiudad del Este546,643
14%
East TimorDare2,994
14%
AndorraEscaldes-Engordany14,395
14%
BahamasFreeport26,914
14%
Guinea-BissauGabú37,525
14%
GrenadaGouyave3,378
14%
EritreaKeren146,483
14%
BruneiKuala Belait4,259
14%
SurinameLelydorp18,663
14%
NicaraguaLeón211,278
14%
GuyanaLinden27,277
14%
AngolaLubango776,246
14%
VanuatuLuganville18,062
14%
EswatiniManzini78,000
14%
MozambiqueMatola1,153,000
14%
Cape VerdeMindelo69,904
14%
UgandaNansana365,124
14%
TongaNeiafu3,731
14%
MauritaniaNouadhibou118,167
14%
GuineaNzérékoré195,027
14%
ThailandPak Kret190,272
14%
LaosPakse119,848
14%
BhutanPhuntsholing27,658
14%
GabonPort-Gentil136,462
14%
DominicaPortsmouth2,977
14%
GuatemalaQuetzaltenango180,706
14%
BahrainRiffa195,606
14%
PanamaSan Miguelito375,409
14%
El SalvadorSanta Ana290,000
14%
OmanSeeb470,878
14%
BarbadosSpeightstown3,634
14%
AzerbaijanSumgait358,675
14%
MadagascarToamasina325,857
14%
SenegalTouba529,176
14%
Sao Tome and PrincipeTrindade16,140
14%
SamoaVaitele7,972
14%
MicronesiaWeno13,856
14%
South SudanYei260,720
14%
JordanZarqa635,160
14%
KuwaitAl Jahra393,432
0%
SeychellesAnse Boileau4,093
0%
TuvaluAsau650
0%
KiribatiBetio17,356
0%
RwandaButare50,220
0%
NauruDenigomodu2,827
0%
Marshall IslandsEbeye15,000
0%
LiberiaGanta41,106
0%
Solomon IslandsGizo7,177
0%
HaitiGonaïves300,000
0%
Korea, NorthHamhung768,551
0%
TajikistanKhujand181,600
0%
ChadMoundou137,929
0%
ComorosMutsamudu25,471
0%
UzbekistanNamangan484,921
0%
FijiNasinu92,043
0%
NamibiaRundu63,431
0%
MaliSikasso225,753
0%
TogoSokodé189,000
0%
LesothoTeyateyaneng75,115
0%

Score Distribution

Percentile by Number Answered

Percent of People with Each Score

Your Score History

You have not taken this quiz